00349nam a2200145Ia 45000030006000000080041000060400015000471000016000622450048000782500006001262600034001323000006001665460014001720050017001860STCL150530s9999 xx 000 0 und d aSTCLcSTCL aJayaram, V. aHrudhayaghatham -prathirodhavum chikilsayum a1 bCurrent Booksc2007aKottayam a0 aMalayalam20220125170514.0